| 000 | 00368nam a2200145Ia 4500 | ||
|---|---|---|---|
| 008 | 230917s9999||||xx |||||||||||||| ||und|| | ||
| 040 |
_e162563 _aMAIN |
||
| 041 | _aEnglish | ||
| 082 | _a531 T543C | ||
| 100 | _aTiwari, R N | ||
| 245 | 0 | _aClassical mechanics: Analytical dynamics | |
| 260 |
_aNew Delhi _bPHI Learning _c2009 |
||
| 300 | _axiii, 174 p. | ||
| 942 | _cBK | ||
| 999 |
_c150750 _d150750 |
||